000
00189nam a22000977a 4500
082
_a
895.80
100
_a
PARIKH, PRIYKANT
245
_a
MAUSAM - GUJARATI NOVEL
300
_a
302P
942
_c
BK
999
_c
2248
_d
2248